MARC

LEADER 00000nam0a2200000 4500
001 89065
005 20231031102912.0
020 |a RU  |b 80-69145 
035 |a (RuTPU)RU\TPU\book\95559 
090 |a 89065 
100 |a 20060113d1980 km y0rusy5003 ca 
101 0 |a rus 
102 |a RU 
105 |a a z 001zy 
200 1 |a Технические средства защиты окружающей среды  |f Е. В. Подосенова 
210 |a Москва  |c Машиностроение  |d 1980 
215 |a 144 с.  |c ил., 8 л. ил.  |d 20 см. 
610 1 |a охран 
610 1 |a экология 
610 1 |a окружающая среда 
610 1 |a защита 
610 1 |a технические средства 
610 1 |a атмосфера 
610 1 |a вода 
610 1 |a почва 
610 1 |a растительный мир 
610 1 |a животный мир 
610 1 |a очистка 
675 |a 502  |z rus 
700 1 |a Подосенова  |b Е. В.  |g Евгения Владимировна  |4 070 
801 0 |a RU  |b RuMRKP  |c 19950704  |g psbo 
801 1 |a RU  |b 63413507  |c 20060113  |g PSBO 
801 2 |a RU  |b 63413507  |c 20150203  |g PSBO 
942 |c BK